Normal view
MARC view
Entry Topical Term
001 - CONTROL NUMBER
- control field: 10353
003 - CONTROL NUMBER IDENTIFIER
- control field: ARRUPE
005 - DATE AND TIME OF LATEST TRANSACTION
- control field: 20140520131208.0
008 - FIXED-LENGTH DATA ELEMENTS
- fixed length control field: 140520|| aca||aabn | a|a d
040 ## - CATALOGING SOURCE
- Original cataloging agency: ARRUPE
- Transcribing agency: ARRUPE
150 ## - HEADING--TOPICAL TERM
- Topical term or geographic name as entry element: Antiquarian bookseller
- General subdivision: Fiction
- General subdivision: Rare books
- Geographic subdivision: Spain, Barcelona
670 ## - SOURCE DATA FOUND
- Source citation: Work cat.: (ARRUPE): Zafon, Carlos Ruiz 10352, The Shadow of the Wind, 2004